Statistics for Galway Senior Football Team Top Scorers (2022)

Click here to take the quiz!

General Stats

  • This quiz has been taken 2 times
  • The average score is 11 of 15

Answer Stats

NAnswerGoalsPointsTotal% Correct
2Damien Comer3918
100%
14Jack Glynn011
100%
10John Daly022
100%
5Johnny Heaney2612
100%
10Matthew Tierney022
100%
8Niall Daly114
100%
6Patrick Kelly3211
100%
7Paul Conroy077
100%
4Robert Finnerty01313
100%
1Shane Walsh13639
100%
3Cillian McDaid11114
50%
10Kieran Molloy022
50%
14Dessie Connelly011
0%
10Finian O'Laoi022
0%
9Owen Gallagher103
0%

Score Distribution

Percentile by Number Answered

Percent of People with Each Score

Your Score History

You have not taken this quiz